Statystyki dla Wszystkie Gry z serii ,,FNaF,,

Kliknij tutaj aby rozwiązać quiz!

Ogólne statystyki

  • Ten quiz został rozwiązany 637 razy
  • Średni wynik to 7 z 13

Statystyki odpowiedzi

Gra% Poprawnych
FNaF / Five Nights at Freddy's
100%
FNaF 2 / Five Nights at Freddy's 2
98%
FNaF 3 / Five Nights at Freddy's 3
97%
FNaF 4 / Five Nights at Freddy's 4
97%
FNaF Sister Location / FNaF SL / Five Nights at Freddy's Sister Location
83%
FNaF Security Breach / Five Nights at Freddy's Security Breach / FNaF SB / Five Nights at Freddy's SB
68%
FNaF World /Five Nights at Freddy's World
61%
FNaF HW / Five Nights at Freddy's Help Wanted / FNaF Help Wanted
53%
FFPS / Freddy Fazbear Pizzeria Simulator
44%
FNaF SD / Five Nights at Freddy's Special Delivery / FNaF Special Delivery
12%
FiS 2 / Freddy in Space 2
8%
FNaF UCL /FNaF Ultra Custom Night / Five Nights at Freddy's Ultra Custom Night / UCL /Ultra Custom Night
5%
FNaF Security Breach Fury's Rage / Five Nights at Freddy's Security Breach Fury's Rage / FNaF SB fury's Rage
0%

Rozkład punktacji

Percentyl według liczby udzielonych odpowiedzi

Procent ludzi z każdym wynikiem

Twoja historia wyników

Nie rozwiązałeś tego quizu